Social change in India: (Record no. 18193)

MARC details
000 -LEADER
fixed length control field 01018nam a2200265 a 4500
005 - DATE AND TIME OF LATEST TRANSACTION
control field 20020626165708.0
008 - FIXED-LENGTH DATA ELEMENTS--GENERAL INFORMATION
fixed length control field 000825s2001 nyu | b 00| 1 eng
010 ## - LCCN (DPL NO)
LC control number ENG-91571
020 ## - INTERNATIONAL STANDARD BOOK NUMBER
International Standard Book Number 9788124101292
Terms of availability 110.00
020 ## - INTERNATIONAL STANDARD BOOK NUMBER
International Standard Book Number 8124101299
Terms of availability 110.00
035 ## - SYSTEM CONTROL NUMBER
System control number EN-75104
037 ## - SOURCE OF ACQUISITION
Source of stock number/acquisition DBAD / PUB
040 ## - CATALOGING SOURCE
Original cataloging agency dpl
Language of cataloging English
082 ## - DEWEY DECIMAL CLASSIFICATION NUMBER
Classification number 303.40954
100 ## - MAIN ENTRY--PERSONAL NAME
Personal name Yogendra Singh
245 ## - TITLE STATEMENT
Title Social change in India:
Statement of responsibility, etc by Yogendra Singh
Remainder of title crisis and resilience /
260 ## - PUBLICATION, DISTRIBUTION, ETC. (IMPRINT)
Place of publication, distribution, etc New Delhi
Name of publisher, distributor, etc Har-Anand Publications
Date of publication, distribution, etc 2008(repr.).
270 ## - ADDRESS
Address E-49/3, Okhla Industrial Area, Phase-II,
City New Delhi
Postal code 110020
300 ## - PHYSICAL DESCRIPTION
Extent 246p.
Dimensions 22cm (pbk)
500 ## - GENERAL NOTE
General note Includes bibliographical references and index
651 ## - SUBJECT ADDED ENTRY--GEOGRAPHIC NAME
Geographic name India
General subdivision Social conditions
Chronological subdivision 1947-
942 ## - ADDED ENTRY ELEMENTS (KOHA)
Source of classification or shelving scheme Dewey Decimal Classification
Item type English Books
Call number suffix YOG
Classification part 303.40954
Holdings
Withdrawn status Lost status Source of classification or shelving scheme Damaged status Not for loan Collection code Home library Current library Date acquired Source of acquisition Cost, normal purchase price Total Checkouts Full call number Barcode Date last seen Copy number Cost, replacement price Koha item type
    Dewey Decimal Classification   Not For Loan Non-fiction D.B.Act.Division D.B.Act.Division 07/11/2008 DBAD / PUB 110.00   303.40954 YOG EN-75104 07/11/2008 1 110.00 English Books

© Delhi Public Library
Hit Counter
free hit counter